| 000 | 00959 a2200253 4500 | ||
|---|---|---|---|
| 003 | OSt | ||
| 005 | 20180116182833.0 | ||
| 008 | 170403b xxu||||| |||| 00| 0 eng d | ||
| 020 | _a0072987383 (hardcover) | ||
| 020 | _a9780072987386 (hardcover) | ||
| 022 | _20 | ||
| 040 | _c0 | ||
| 082 | 0 | 4 | _a658.3 NEO |
| 100 | _aNoe, Raymond A. | ||
| 245 | 1 | 0 |
_aHuman resource Management : _bgaining a competitive advantage / _cRaymond A. Noe. |
| 250 | _a5th ed. | ||
| 260 |
_a[S.l.] : _bMcGraw-Hill Companies, _c2005. |
||
| 300 |
_a736 p. ; _c26 cm. |
||
| 440 | _aHuman resource Management : | ||
| 520 | _aThis text aims to give the student technical background neecessary to be consumers of human resource (HR) products and services, to manage HR effectively, or to be a successful HR professional. | ||
| 700 | 1 | _aNoe, Raymond A. | |
| 856 | 4 | 0 |
_3Amazon.com _uhttp://www.amazon.com/exec/obidos/ASIN/0072987383/chopaconline-20 |
| 942 |
_aNBS _cBK _k658.3 HOL _2ddc |
||
| 999 |
_c346945 _d346945 |
||